000 00756nam a2200229Ii 4500
003 JO-AjNU
008 230605s9999||||xx |||||||||||||| ||und||
017 _a2009/5/1857
020 _a9957-16-524-6
040 _aJO-AjNU
_bara
_erda
_cJO-AjNU
041 _aara
050 1 4 _aK925.R376.2010
100 3 _a الرشدان ، محمود علي ,
_eauthor
_912166
245 0 0 _aالغبن في القانون المدني " دراسة مقارنة "
250 _aط1
264 3 1 _aعمان : دار الثقافة ، 2010
300 _a320ص
336 _atext
_btxt
_2rdacontent
337 _aunmediated
_bn
_2rdamedia
338 _avolume
_bnc
_2rdacarrier
650 4 _aالقانون المدني -- الأردن -- العطل والضرر
_912167
999 _aA2700
_c6268
_d6268